| 000 | 00768nam a2200265Ia 4500 | ||
|---|---|---|---|
| 003 | OSt | ||
| 005 | 20220924120101.0 | ||
| 006 | a|||||r|||| 00| 0 | ||
| 007 | ta | ||
| 008 | 220923b |||||||| |||| 00| 0 urd d | ||
| 020 | _a8189461400 (hbk) | ||
| 020 | _c200 | ||
| 024 | _a285035 | ||
| 037 |
_b4312, 19/11/2014, Kitabi Duniya _cTextual |
||
| 040 |
_aARTS _cARTS _burd |
||
| 041 |
_2urd _aurd |
||
| 082 | _aO168,1L35x, Q0 | ||
| 100 |
_aShams Alam _9180706 |
||
| 245 | 0 | _aSecular awami kirdar aur Nazeer Akbarabadi | |
| 260 |
_aDelhi _bKitabi Duniya India _c2010 |
||
| 300 |
_a245p. _ccm. |
||
| 650 | _aURDU POETRY | ||
| 942 |
_hO168,1L35x, Q0 _cTEXL _2CC |
||
| 999 |
_c401161 _d401161 |
||